[Event "Buenos Aires Ciudad de Nueve op 4th"]
[Site "Buenos Aires"]
[Date "2022.10.10"]
[Round "6"]
[White "Romero Barreto, Jaime Jose"]
[Black "Bentancor, Franco German"]
[Result "1-0"]
[WhiteElo "2335"]
[BlackElo "2264"]
[PlyCount "97"]
[EventDate "2022.10.08"]
[EventType "swiss"]
[EventRounds "7"]
[EventCountry "ARG"]
[SourceTitle "EXT 2024"]
[Source "ChessBase"]
[SourceDate "2023.10.10"]
[SourceVersion "1"]
[SourceVersionDate "2023.10.10"]
[SourceQuality "1"]

1. e4 Nc6 2. d4 d5 3. Nc3 Nf6 4. e5 Nd7 5. Nge2 Nb6 6. Ng3 e6 7. h4 f6 8. Bb5 Bd7 9. Bxc6 Bxc6 10. Bf4 Qe7 11. exf6 gxf6 12. Qh5+ Kd7 13. 0-0-0 Nc4 14. Rde1 Qe8 15. Re2 Qg6 16. Rhe1 Re8 17. a3 Bg7 18. Kb1 Re7 19. Bc1 Rg8 20. Qf3 Bh8 21. Nh5 Rge8 22. Nf4 Qf7 23. Qh3 f5 24. b3 Nd6 25. Bb2 Ne4 26. Na2 Bb5 27. Nd3 Qg6 28. Nac1 b6 29. a4 Ba6 30. f3 Ng3 31. Re3 Bxd3 32. Nxd3 h5 33. Nf4 Qg8 34. c3 c5 35. dxc5 bxc5 36. Nd3 Rc8 37. Ba3 d4 38. Ne5+ Ke8 39. Rd3 Rb7 40. c4 Bf6 41. Bc1 Bxe5 42. Rxe5 Kf7 43. Bg5 Nf1 44. Rxf5+ Ke8 45. Re5 Rc6 46. Qf5 Kd7 47. Qf6 Rb8 48. Qe7+ Kc8 49. Rxc5 1-0

[Event "ARG-ch U2300"]
[Site "Tacuari"]
[Date "2018.11.17"]
[Round "2"]
[White "Bentancor, Franco German"]
[Black "Suarez, Mauricio Josue"]
[Result "1-0"]
[WhiteElo "2243"]
[BlackElo "2097"]
[PlyCount "123"]
[EventDate "2018.11.16"]
[EventType "swiss"]
[EventRounds "7"]
[EventCountry "ARG"]
[SourceTitle "EXT 2020"]
[Source "ChessBase"]
[SourceDate "2019.10.17"]
[SourceVersion "1"]
[SourceVersionDate "2019.10.17"]
[SourceQuality "1"]

1. Nf3 Nf6 2. g3 b6 3. Bg2 Bb7 4. 0-0 e6 5. d3 Be7 6. e4 d6 7. c3 c5 8. Nbd2 0-0 9. Ne1 Qc7 10. f4 Nc6 11. Qe2 Rfe8 12. Nc2 d5 13. e5 Nd7 14. Bh3 b5 15. Nf3 Bf8 16. Be3 b4 17. c4 dxc4 18. dxc4 Nb6 19. b3 a5 20. a4 Rad8 21. Bg2 Rd7 22. Ng5 Red8 23. Be4 h6 24. Nf3 Nb8 25. Bxb7 Qxb7 26. Rad1 Qe4 27. Rxd7 Rxd7 28. Nce1 Nc6 29. Nd2 Nd4 30. Nxe4 Nxe2+ 31. Kf2 Nd4 32. Bxd4 Rxd4 33. Ke3 Be7 34. Nd3 Nd7 35. Rb1 Nb8 36. Ndxc5 Rd8 37. Nb7 Rd7 38. Nbc5 Rc7 39. Rd1 Rxc5 40. Nxc5 Bxc5+ 41. Ke4 Be7 42. c5 Kf8 43. Kd4 Na6 44. c6 Nc7 45. Kc4 Nd5 46. Kb5 Bd8 47. Ka6 Ke7 48. Kb7 f6 49. Rd4 Ke8 50. exf6 gxf6 51. f5 Ke7 52. fxe6 Kxe6 53. Rh4 Bc7 54. Rxh6 Be5 55. Rh7 Kf5 56. Rd7 Ke4 57. h4 f5 58. h5 Nf6 59. Re7 Nd5 60. Re6 Kd4 61. h6 Bh8 62. Rd6 1-0

[Event "Buenos Aires Finde Largo op 2nd"]
[Site "Buenos Aires"]
[Date "2018.10.13"]
[Round "2.5"]
[White "Falcinelli, Oscar"]
[Black "Bentancor, Franco German"]
[Result "0-1"]
[WhiteElo "1944"]
[BlackElo "2214"]
[PlyCount "104"]
[EventDate "2018.10.13"]
[EventType "swiss"]
[EventRounds "6"]
[EventCountry "ARG"]
[SourceTitle "EXT 2024"]
[Source "ChessBase"]
[SourceDate "2023.10.10"]
[SourceVersion "1"]
[SourceVersionDate "2023.10.10"]
[SourceQuality "1"]

1. Nf3 Nf6 2. d3 g6 3. e4 Bg7 4. g3 d6 5. Bg2 c5 6. 0-0 Nc6 7. Re1 0-0 8. h3 Rb8 9. Nc3 Nd7 10. Be3 Nd4 11. Qc1 b5 12. Nh2 b4 13. Ne2 Bb7 14. Ng4 e5 15. Bh6 f5 16. Bxg7 Kxg7 17. exf5 gxf5 18. Nh2 f4 19. Nxd4 cxd4 20. Be4 Nc5 21. Qd1 Kh8 22. Qh5 Nxe4 23. dxe4 Rc8 24. Rac1 fxg3 25. fxg3 Rc7 26. Ng4 Rg7 27. Rcd1 Qg5 28. Qxg5 Rxg5 29. Kg2 h5 30. Nf2 d5 31. Rd2 Rxf2+ 32. Rxf2 dxe4 33. Rf7 Bc6 34. Rc7 Rg6 35. Kf2 e3+ 36. Ke2 Bb5+ 37. Kd1 a6 38. c4 bxc3 39. bxc3 Rxg3 40. c4 Ba4+ 41. Kc1 d3 42. Rc8+ Kg7 43. Rd8 d2+ 44. Rxd2 exd2+ 45. Kxd2 Rxh3 46. Rxe5 h4 47. Ra5 Be8 48. Rxa6 Rg3 49. Re6 Bg6 50. Re3 Rg2+ 51. Ke1 Bf5 52. Re2 Rxe2+ 0-1

[Event "Pehuajo Macias Memorial 1st"]
[Site "Pehuajo"]
[Date "2017.08.21"]
[Round "6"]
[White "Bentancor, Franco German"]
[Black "Gil, Ramon"]
[Result "1-0"]
[WhiteElo "2192"]
[BlackElo "2250"]
[PlyCount "81"]
[EventDate "2017.08.18"]
[EventType "swiss"]
[EventRounds "7"]
[EventCountry "ARG"]
[SourceTitle "EXT 2019"]
[Source "ChessBase"]
[SourceDate "2018.10.10"]
[SourceVersion "1"]
[SourceVersionDate "2018.10.10"]
[SourceQuality "1"]

1. e4 e6 2. d3 d5 3. Qe2 Nf6 4. Nf3 Be7 5. g3 c5 6. Bg2 Nc6 7. 0-0 0-0 8. e5 Ne8 9. c4 a6 10. Nc3 Nc7 11. Bf4 b5 12. b3 Bb7 13. Rad1 Re8 14. h4 Nd4 15. Nxd4 cxd4 16. Nb1 Qb8 17. h5 h6 18. Nd2 dxc4 19. dxc4 Bxg2 20. Kxg2 bxc4 21. bxc4 Qb2 22. Qg4 Kh8 23. Ne4 Rf8 24. Rd2 Qb4 25. Rxd4 Nb5 26. Bd2 Qa4 27. Rd7 Ra7 28. Rxe7 Rxe7 29. cxb5 Qxb5 30. Re1 Rc7 31. Re3 Rd8 32. Qf4 Rd3 33. Rxd3 Qxd3 34. Nd6 Kg8 35. Be3 Qd5+ 36. Kh2 Qxa2 37. Ne8 Rc4 38. Qf3 Qc2 39. Nxg7 Qe4 40. Qf6 Qg4 41. Bxh6 1-0

[Event "Pehuajo Macias Memorial 1st"]
[Site "Pehuajo"]
[Date "2017.08.21"]
[Round "7"]
[White "Leto, Enzo"]
[Black "Bentancor, Franco German"]
[Result "1-0"]
[WhiteElo "2009"]
[BlackElo "2192"]
[PlyCount "79"]
[EventDate "2017.08.18"]
[EventType "swiss"]
[EventRounds "7"]
[EventCountry "ARG"]
[SourceTitle "EXT 2019"]
[Source "ChessBase"]
[SourceDate "2018.10.10"]
[SourceVersion "1"]
[SourceVersionDate "2018.10.10"]
[SourceQuality "1"]

1. d4 g6 2. c4 Bg7 3. Nf3 c5 4. d5 d6 5. Nc3 Bxc3+ 6. bxc3 f5 7. Qa4+ Bd7 8. Qb3 Qa5 9. Bd2 Na6 10. e3 Nf6 11. Bd3 0-0 12. 0-0 Nc7 13. Rfe1 Ne4 14. h3 Ba4 15. Qa3 Qa6 16. Bc1 Rab8 17. Nd2 Nxd2 18. Bxd2 Nxd5 19. e4 fxe4 20. Rxe4 Nb6 21. Rxe7 Nxc4 22. Bxc4+ Qxc4 23. Rae1 a6 24. Bh6 Rfe8 25. R1e4 Qxe4 26. Rxe4 Rxe4 27. c4 Bc6 28. Qc1 Re5 29. Bf4 Re6 30. Bh6 Re5 31. Bf4 Rf5 32. Bxd6 Rd8 33. Bg3 Rd4 34. Qe3 Re4 35. Qd2 Rd4 36. Qe3 Re4 37. Qd2 Rxc4 38. Qd8+ Rf8 39. Qc7 Rd4 40. Bd6 1-0

[Event "Pehuajo Macias Memorial 1st"]
[Site "Pehuajo"]
[Date "2017.08.19"]
[Round "2"]
[White "Mussanti, Diego"]
[Black "Bentancor, Franco German"]
[Result "1-0"]
[WhiteElo "2263"]
[BlackElo "2192"]
[PlyCount "45"]
[EventDate "2017.08.18"]
[EventType "swiss"]
[EventRounds "7"]
[EventCountry "ARG"]
[SourceTitle "EXT 2019"]
[Source "ChessBase"]
[SourceDate "2018.10.10"]
[SourceVersion "1"]
[SourceVersionDate "2018.10.10"]
[SourceQuality "1"]

1. e4 g6 2. d4 Bg7 3. Nc3 c6 4. Nf3 d6 5. Bc4 Nf6 6. 0-0 b5 7. Bb3 b4 8. e5 dxe5 9. dxe5 bxc3 10. Qxd8+ Kxd8 11. exf6 Bxf6 12. bxc3 Bxc3 13. Rb1 Ba6 14. Rd1+ Ke8 15. Ng5 Rf8 16. Ne4 Be5 17. Bh6 Rg8 18. Re1 Nd7 19. Ng5 e6 20. Nxe6 fxe6 21. Bxe6 Rh8 22. Rbd1 Nc5 23. Rxe5 1-0

[Event "ARG-ch Amateur U2300"]
[Site "Torre Blanca"]
[Date "2016.12.09"]
[Round "4.15"]
[White "Bentancor, Franco German"]
[Black "Salvati, Diego Javier"]
[Result "1-0"]
[WhiteElo "2200"]
[BlackElo "2020"]
[PlyCount "33"]
[EventDate "2016.12.08"]
[EventType "swiss"]
[EventRounds "8"]
[EventCountry "ARG"]
[SourceTitle "EXT 2024"]
[Source "ChessBase"]
[SourceDate "2023.10.10"]
[SourceVersion "1"]
[SourceVersionDate "2023.10.10"]
[SourceQuality "1"]

1. e4 e6 2. d4 d5 3. Nc3 Nc6 4. Nf3 Nf6 5. e5 Ne4 6. Bd3 Bb4 7. 0-0 Nxc3 8. bxc3 Bxc3 9. Rb1 Bxd4 10. Nxd4 Nxd4 11. Qg4 Nf5 12. Bxf5 exf5 13. Qxg7 Kd7 14. e6+ Kxe6 15. Re1+ Kd7 16. Bg5 Qf8 17. Re7+ 1-0

[Event "ARG-ch Amateur U2300"]
[Site "Torre Blanca"]
[Date "2016.12.09"]
[Round "3.19"]
[White "Ryhr, Silvio"]
[Black "Bentancor, Franco German"]
[Result "0-1"]
[WhiteElo "1910"]
[BlackElo "2200"]
[PlyCount "48"]
[EventDate "2016.12.08"]
[EventType "swiss"]
[EventRounds "8"]
[EventCountry "ARG"]
[SourceTitle "EXT 2024"]
[Source "ChessBase"]
[SourceDate "2023.10.10"]
[SourceVersion "1"]
[SourceVersionDate "2023.10.10"]
[SourceQuality "1"]

1. d4 c5 2. d5 Nf6 3. Bf4 d6 4. c4 b5 5. f3 g6 6. e4 Bg7 7. Nd2 Nbd7 8. g4 Qa5 9. cxb5 Nb6 10. Kf2 Qb4 11. Rb1 Nfxd5 12. Ne2 Nxf4 13. Nxf4 Qd4+ 14. Kg2 h5 15. h3 Bh6 16. Nd3 c4 17. g5 Bxg5 18. f4 Bh4 19. Nf3 Qxe4 20. Nb4 Bb7 21. Nc6 Nd5 22. Kh2 Qxf4+ 23. Kg1 Qg3+ 24. Bg2 Qf2+ 0-1

[Event "ARG-ch Amateur U2300"]
[Site "Torre Blanca"]
[Date "2016.12.08"]
[Round "2.14"]
[White "Bentancor, Franco German"]
[Black "Ferrara, Enzo"]
[Result "0-1"]
[WhiteElo "2200"]
[BlackElo "2031"]
[PlyCount "54"]
[EventDate "2016.12.08"]
[EventType "swiss"]
[EventRounds "8"]
[EventCountry "ARG"]
[SourceTitle "EXT 2024"]
[Source "ChessBase"]
[SourceDate "2023.10.10"]
[SourceVersion "1"]
[SourceVersionDate "2023.10.10"]
[SourceQuality "1"]

1. e4 e6 2. d3 d5 3. Nd2 c5 4. Ngf3 Nc6 5. g3 Nf6 6. Bg2 b6 7. 0-0 Be7 8. Re1 Bb7 9. Qe2 h6 10. c3 Qc7 11. exd5 Nxd5 12. Nc4 0-0-0 13. a4 Bf6 14. Bd2 g5 15. h3 Rhg8 16. a5 Kb8 17. axb6 axb6 18. Na3 Ba6 19. Nc2 Bb7 20. d4 cxd4 21. Ncxd4 Bxd4 22. cxd4 Nxd4 23. Nxd4 Rde8 24. Ra4 Qc6 25. Rea1 Qc7 26. Qd3 Rd8 27. Qa3 Kc8 0-1

[Event "Latin Cup"]
[Site "Montevideo"]
[Date "2011.11.05"]
[Round "7"]
[White "Colman, Matias"]
[Black "Bentancor, Franco German"]
[Result "1-0"]
[WhiteElo "2007"]
[BlackElo "2240"]
[PlyCount "101"]
[EventDate "2011.11.01"]
[EventType "swiss"]
[EventRounds "9"]
[EventCountry "URU"]
[SourceTitle "EXT 2012"]
[Source "ChessBase"]
[SourceDate "2011.11.24"]
[SourceVersion "1"]
[SourceVersionDate "2011.11.24"]
[SourceQuality "1"]

1. d4 Nf6 2. c4 g6 3. Nc3 Bg7 4. e4 d6 5. f4 c5 6. d5 0-0 7. Nf3 a6 8. Be2 b5 9. e5 Ne8 10. 0-0 bxc4 11. Bxc4 Bg4 12. h3 Bxf3 13. Qxf3 Nd7 14. g4 dxe5 15. f5 Nd6 16. Bd3 Rb8 17. Rb1 Rb4 18. Bd2 Rd4 19. Be1 Qb6 20. Bf2 Rf4 21. Qe2 a5 22. fxg6 fxg6 23. Be3 R4f6 24. b3 Qb4 25. Rxf6 exf6 26. Nb5 Nxb5 27. Bxb5 Nb6 28. Rc1 Rc8 29. d6 Bf8 30. Rd1 Rd8 31. d7 Kg7 32. Bc6 a4 33. g5 Be7 34. gxf6+ Bxf6 35. Qf2 Bh4 36. Qf3 axb3 37. axb3 e4 38. Qf4 Bf6 39. Rf1 Qc3 40. Rd1 Qxb3 41. Rd2 g5 42. Qxe4 Nc4 43. Rd3 Qb1+ 44. Kg2 Qc2+ 45. Kh1 Qb1+ 46. Kg2 Rb8 47. Qxc4 Rb4 48. d8Q Bxd8 49. Rd7+ Kg6 50. Qf7+ Kh6 51. Rd6+ 1-0

[Event "Latin Cup"]
[Site "Montevideo"]
[Date "2011.11.03"]
[Round "4"]
[White "Bentancor, Franco German"]
[Black "Izquierdo, Sebastian"]
[Result "1-0"]
[WhiteElo "2240"]
[BlackElo "2051"]
[PlyCount "117"]
[EventDate "2011.11.01"]
[EventType "swiss"]
[EventRounds "9"]
[EventCountry "URU"]
[SourceTitle "EXT 2012"]
[Source "ChessBase"]
[SourceDate "2011.11.24"]
[SourceVersion "1"]
[SourceVersionDate "2011.11.24"]
[SourceQuality "1"]

1. e4 d6 2. d4 Nf6 3. Nc3 e5 4. Nge2 c6 5. a4 b6 6. g3 Nbd7 7. Bg2 Be7 8. 0-0 Qc7 9. b3 a6 10. Ba3 c5 11. dxe5 dxe5 12. Nd5 Nxd5 13. exd5 Bd6 14. f4 0-0 15. c4 Rb8 16. Bb2 b5 17. Qc2 bxc4 18. bxc4 exf4 19. gxf4 Re8 20. Ra3 f6 21. Rg3 Kh8 22. Bc3 Nf8 23. Be4 Qe7 24. Bd3 Bf5 25. Bxf5 Qxe2 26. Bxh7 Nxh7 27. Qg6 Re7 28. Rh3 Qe4 29. f5 Kg8 30. Qxh7+ Kf8 31. Bxf6 Qg4+ 32. Kh1 Re2 33. Qh8+ Kf7 34. Qxg7+ Qxg7 35. Bxg7 Kxg7 36. Rg1+ Kf7 37. Rh7+ Kf8 38. Rh8+ Ke7 39. Rh7+ Ke8 40. Rg8+ Bf8 41. Rxf8+ Kxf8 42. Rh8+ Kf7 43. Rxb8 Rc2 44. d6 Rd2 45. Rb6 a5 46. Rc6 Kf6 47. d7+ Kxf5 48. Rxc5+ Ke6 49. Rd5 Rxd5 50. cxd5+ Kxd7 51. Kg2 Kd6 52. Kf3 Kxd5 53. Kf4 Kc4 54. h4 Kb4 55. h5 Kxa4 56. h6 Kb3 57. h7 a4 58. h8Q a3 59. Qa1 1-0

[Event "Pinamar-B"]
[Site "Pinamar"]
[Date "2006.04.07"]
[Round "10"]
[White "Romero, Fabian"]
[Black "Bentancor, Franco German"]
[Result "0-1"]
[WhiteElo "2008"]
[BlackElo "2238"]
[PlyCount "111"]
[EventDate "2006.04.02"]
[EventType "tourn"]
[EventRounds "11"]
[EventCountry "ARG"]
[SourceTitle "CBM 111 Extra"]
[Source "ChessBase"]
[SourceDate "2006.05.09"]
[SourceVersion "1"]
[SourceVersionDate "2006.05.09"]
[SourceQuality "1"]

1. e4 g6 2. Bc4 c5 3. d3 Bg7 4. Nc3 Nc6 5. a3 e6 6. Nf3 a6 7. Bf4 d6 8. a4 Rb8 9. Qd2 h6 10. 0-0 Nge7 11. h3 b6 12. Rfe1 Ne5 13. Nxe5 dxe5 14. Bg3 g5 15. h4 Ng6 16. h5 Nf4 17. Bxf4 gxf4 18. Qe2 Qh4 19. Qf3 Bf6 20. Kf1 Rg8 21. Ke2 Ke7 22. Rh1 Qg4 23. Qxg4 Rxg4 24. Kf3 Rg5 25. Rh3 Bb7 26. Rg1 Rbg8 27. Rh2 Rg4 28. Ra1 Kd6 29. Rb1 Kc7 30. Rbh1 Be7 31. Rg1 Kd7 32. Ke2 R4g5 33. f3 Ra8 34. Rc1 Bc6 35. Kf2 Rgg8 36. Rhh1 Kc7 37. Rb1 Rgb8 38. Ra1 Ra7 39. g3 fxg3+ 40. Kxg3 Bg5 41. Kf2 Rg8 42. Ne2 Raa8 43. f4 exf4 44. Rh3 Kd6 45. Ng1 b5 46. Bb3 c4 47. axb5 axb5 48. Rxa8 Rxa8 49. dxc4 bxc4 50. Bxc4 Bxe4 51. Bb3 Bd8 52. Ke2 Bb6 53. Nf3 Rg8 54. Rh2 Rg3 55. Nd2 f3+ 56. Kd1 0-1

[Event "Internet Section 07B g/8'+2\""]
[Site "Dos Hermanas"]
[Date "2004.03.08"]
[Round "8"]
[White "Bentancor, Franco German"]
[Black "Campelo, Leandro Fabricio"]
[Result "1/2-1/2"]
[WhiteElo "2238"]
[BlackElo "2270"]
[PlyCount "187"]
[EventDate "2004.03.07"]
[EventType "swiss (blitz)"]
[EventRounds "9"]
[EventCountry "ESP"]
[SourceTitle "CBM 099 Extra"]
[Source "ChessBase"]
[SourceDate "2004.05.04"]
[SourceVersion "1"]
[SourceVersionDate "2004.05.04"]
[SourceQuality "1"]

1. e4 e6 2. d3 d5 3. Nd2 Nf6 4. Ngf3 b6 5. g3 Bb7 6. Bg2 dxe4 7. Ng5 Be7 8. 0-0 0-0 9. Ngxe4 Nxe4 10. dxe4 Nd7 11. Qe2 c5 12. a4 e5 13. Nc4 Qc7 14. c3 Rad8 15. Ne3 Nf6 16. Nf5 Rfe8 17. Bg5 h6 18. Bh4 Bc8 19. Qf3 Bxf5 20. Bxf6 Bxe4 21. Bxe5 Qxe5 22. Qxe4 Qxe4 23. Bxe4 Bf6 24. f3 Rd2 25. Rf2 Red8 26. Raf1 Be7 27. Rxd2 Rxd2 28. Rf2 Rd1+ 29. Rf1 Rd2 30. Rf2 Rd1+ 31. Kg2 c4 32. Bc6 Bc5 33. Re2 g6 34. Bb5 Rg1+ 35. Kh3 Rf1 36. f4 Ra1 37. Re8+ Kg7 38. Ra8 a5 39. Re8 Kf6 40. Re4 Ra2 41. Re2 Ba3 42. Bxc4 Rxb2 43. Kg4 Rxe2 44. Bxe2 Bb2 45. c4 Ke6 46. Bf3 Kd6 47. Bb7 f6 48. Ba6 f5+ 49. Kf3 Kc5 50. Bb5 Kb4 51. g4 fxg4+ 52. Kxg4 Bc1 53. h4 Kc5 54. Kg3 Kd6 55. Be8 g5 56. fxg5 hxg5 57. h5 Ke7 58. Bb5 Kf6 59. Kg4 Kg7 60. Bc6 Kh6 61. Bf3 Ba3 62. Kf5 Bc5 63. Bg4 Be3 64. Ke6 Bc5 65. Kd5 Kg7 66. Bd1 Kf6 67. Bc2 g4 68. Bd1 Kg5 69. Ke4 Kxh5 70. Kf5 Kh6 71. Bxg4 Kg7 72. Bh5 Bd4 73. Bg6 Bc5 74. Be8 Bd4 75. Ke6 Bc5 76. Kd5 Kf6 77. Bd7 Ke7 78. Bf5 Bb4 79. Kc6 Bc5 80. Kc7 Kf6 81. Bd7 Ke5 82. Bb5 Kd4 83. Kc6 Kc3 84. Kd5 Kb4 85. Ke4 Bd6 86. Kd4 Bc5+ 87. Kd3 Bd6 88. Kd4 Bc5+ 89. Kd5 Be3 90. Be8 Bg1 91. Bd7 Bc5 92. Bb5 Bf2 93. Kc6 Bc5 94. Kd5 1/2-1/2

[Event "Internet Section 07B g/8'+2\""]
[Site "Dos Hermanas"]
[Date "2004.03.07"]
[Round "5"]
[White "Bentancor, Franco German"]
[Black "Frey Perez, Hugo"]
[Result "1-0"]
[WhiteElo "2238"]
[BlackElo "2346"]
[PlyCount "61"]
[EventDate "2004.03.07"]
[EventType "swiss (blitz)"]
[EventRounds "9"]
[EventCountry "ESP"]
[SourceTitle "CBM 099 Extra"]
[Source "ChessBase"]
[SourceDate "2004.05.04"]
[SourceVersion "1"]
[SourceVersionDate "2004.05.04"]
[SourceQuality "1"]

1. e4 e5 2. Nf3 Nc6 3. Bb5 f5 4. d3 d6 5. 0-0 Nf6 6. Nc3 Be7 7. exf5 Bxf5 8. d4 exd4 9. Nxd4 Bd7 10. Bc4 Nxd4 11. Qxd4 c6 12. Re1 d5 13. Bxd5 cxd5 14. Nxd5 Nxd5 15. Qxg7 Rf8 16. Bh6 Be6 17. Rxe6 Kd7 18. Rae1 Re8 19. Bg5 Rc8 20. Qe5 Qa5 21. Bxe7 Qxe1+ 22. Qxe1 Rxe7 23. Rxe7+ Nxe7 24. Qe4 Rc6 25. Qxh7 Rd6 26. h4 Rd1+ 27. Kh2 Rd2 28. f3 a6 29. h5 Rd5 30. g4 Kc6 31. Qe4 1-0

[Event "Internet Section 07B g/8'+2\""]
[Site "Dos Hermanas"]
[Date "2004.03.07"]
[Round "6"]
[White "Harikrishna, Pentala"]
[Black "Bentancor, Franco German"]
[Result "1-0"]
[WhiteElo "2570"]
[BlackElo "2238"]
[PlyCount "109"]
[EventDate "2004.03.07"]
[EventType "swiss (blitz)"]
[EventRounds "9"]
[EventCountry "ESP"]
[SourceTitle "CBM 099 Extra"]
[Source "ChessBase"]
[SourceDate "2004.05.04"]
[SourceVersion "1"]
[SourceVersionDate "2004.05.04"]
[SourceQuality "1"]

1. e4 c5 2. Nc3 Nc6 3. f4 g6 4. Nf3 Bg7 5. Bc4 e6 6. e5 d5 7. exd6 Qxd6 8. d3 Nf6 9. Ne4 Nxe4 10. dxe4 Qxd1+ 11. Kxd1 e5 12. c3 Bg4 13. Kc2 0-0 14. Bd5 exf4 15. Bxf4 Rfe8 16. Ng5 Nd8 17. Rhf1 h6 18. Nf3 Rc8 19. h3 Be6 20. Rfe1 Nc6 21. Rad1 g5 22. Bg3 Rcd8 23. Bc7 Rd7 24. Bxe6 Rxc7 25. Bd7 Re7 26. Bxc6 Rxc6 27. Rd5 b6 28. Nd2 c4 29. Nf3 Rce6 30. e5 f6 31. Re4 fxe5 32. Kd2 a6 33. a4 Kf7 34. Ke2 Ke8 35. Rxc4 e4 36. Nd2 Kf7 37. Nf1 Kg6 38. Ne3 h5 39. Nf5 Rf7 40. g4 hxg4 41. hxg4 Rb7 42. Ke3 Be5 43. Rxe4 Kf6 44. Kd3 Rh7 45. Kc2 Rh2+ 46. Kb3 Rg2 47. Rd8 a5 48. Rh8 Kf7 49. Rh7+ Kf8 50. Nd4 Re8 51. Nf5 Bf6 52. Rc4 Kg8 53. Rcc7 Be5 54. Nh6+ Kf8 55. Rcf7# 1-0

[Event "American Continental 02nd"]
[Site "Buenos Aires"]
[Date "2003.08.17"]
[Round "1"]
[White "Bentancor, Franco German"]
[Black "Flores, Diego"]
[Result "0-1"]
[WhiteElo "2177"]
[BlackElo "2439"]
[PlyCount "72"]
[EventDate "2003.08.17"]
[EventType "swiss"]
[EventRounds "11"]
[EventCountry "ARG"]
[SourceTitle "CBM 097"]
[Source "ChessBase"]
[SourceDate "2003.11.11"]
[SourceVersion "1"]
[SourceVersionDate "2003.11.11"]
[SourceQuality "1"]

1. e4 e5 2. Nf3 Nc6 3. Bb5 a6 4. Ba4 Nf6 5. 0-0 Be7 6. Re1 b5 7. Bb3 d6 8. c3 0-0 9. d4 Bg4 10. d5 Na5 11. Bc2 c6 12. h3 Bd7 13. Nxe5 dxe5 14. d6 Be6 15. dxe7 Qxe7 16. Nd2 Rfd8 17. Qf3 Nd7 18. Nf1 Nc4 19. Ng3 a5 20. Nf5 Qf8 21. Qg3 a4 22. f4 Bxf5 23. exf5 e4 24. Bxe4 Nf6 25. Bd3 Qc5+ 26. Kh2 Nxb2 27. Bxb2 a3 28. Bc1 Qxc3 29. Bxb5 Qxa1 30. Bxc6 Ra6 31. Bb7 Rad6 32. Bxa3 Rd1 33. Rxd1 Rxd1 34. Qe3 h5 35. Bf3 Re1 36. Bb2 Rh1+ 0-1